| 000 | 00000nam##2200000za#4500 |
| 001 | 9.634835 |
| 003 | CaOODSP |
| 005 | 20210624215952 |
| 007 | cr ||||||||||| |
| 008 | 150407|2007||||xxc|||||o f|0| 0 fre|d |
| 020 | |a978-0-662-07705-3 |
| 040 | |aCaOODSP|bfre |
| 043 | |an-cn--- |
| 086 | 1 |aHS4-38/2007F-PDF |
| 110 | 1 |aCanada. |bRessources humaines et développement social Canada. |
| 245 | 10|aRapport du Conseil national des aînés sur les mauvais traitements envers les aînés |h[ressource électronique] |
| 260 | |aOttawa - Ontario : |bRessources humaines et Développement social Canada |cNovembre 2007. |
| 300 | |a34p. |
| 590 | |a12-42-Supp|b2012-11-21 |
| 691 | 07|aViolence faite aux personnes âgées|2gcpds |
| 775 | 08|tReport of the National Seniors Council on elder abuse |w(CaOODSP)9.690472 |
| 856 | 40|ahttp://publications.gc.ca|qPDF|s1.55 Mo|uhttps://publications.gc.ca/collections/collection_2012/rhdcc-hrsdc/HS4-38-2007-fra.pdf |